NCLEX-RN Review Guide : (Record no. 13587)
[ view plain ]
| 000 -LEADER | |
|---|---|
| fixed length control field | 02025cam a22003614a 4500 |
| 001 - CONTROL NUMBER | |
| control field | 14692213 |
| 005 - DATE AND TIME OF LATEST TRANSACTION | |
| control field | 20081105124328.0 |
| 008 - FIXED-LENGTH DATA ELEMENTS--GENERAL INFORMATION | |
| fixed length control field | 070108s2008 maua |r 000 0 eng |
| 010 ## - LIBRARY OF CONGRESS CONTROL NUMBER | |
| LC control number | 2007000618 |
| 020 ## - INTERNATIONAL STANDARD BOOK NUMBER | |
| International Standard Book Number | 9780763740399 |
| 020 ## - INTERNATIONAL STANDARD BOOK NUMBER | |
| International Standard Book Number | 076374039X |
| 035 ## - SYSTEM CONTROL NUMBER | |
| System control number | (OCoLC)ocm77830270 |
| 035 ## - SYSTEM CONTROL NUMBER | |
| System control number | (OCoLC)77830270 |
| 040 ## - CATALOGING SOURCE | |
| Original cataloging agency | DNLM/DLC |
| Transcribing agency | DLC |
| Modifying agency | BTCTA |
| -- | BAKER |
| -- | GK8 |
| -- | C#P |
| -- | YDXCP |
| -- | DLC |
| 042 ## - AUTHENTICATION CODE | |
| Authentication code | pcc |
| 050 00 - LIBRARY OF CONGRESS CALL NUMBER | |
| Classification number | RT55 |
| Item number | .C415 2008 |
| 082 00 - DEWEY DECIMAL CLASSIFICATION NUMBER | |
| Classification number | 610.73076 |
| Edition number | 22 |
| Item number | CHE |
| 100 1# - MAIN ENTRY--PERSONAL NAME | |
| Personal name | Chernecky, Cynthia C. |
| 9 (RLIN) | 12273 |
| 245 10 - TITLE STATEMENT | |
| Title | NCLEX-RN Review Guide : |
| Remainder of title | Top Ten Questions for Quick Review / |
| Statement of responsibility, etc | Cynthia Chernecky, Nancy Stark, Lori Schumacher. |
| 260 ## - PUBLICATION, DISTRIBUTION, ETC. (IMPRINT) | |
| Place of publication, distribution, etc | Sudbury, Mass. : |
| Name of publisher, distributor, etc | Jones and Bartlett Publishers, 2008 |
| Date of publication, distribution, etc | c2008. |
| 300 ## - PHYSICAL DESCRIPTION | |
| Extent | ix, 378 p. : |
| Other physical details | ill. ; |
| Dimensions | 28 cm. |
| 505 0# - FORMATTED CONTENTS NOTE | |
| Formatted contents note | Top ten review -- Care of the childbearing family and the neonate -- Care of children -- Care of adults -- Care of patients with psychiatric and mental health problems -- Trends and current issues in nursing -- Math, dosage calculations, and related problems -- Care of patients with diabetes -- Care of patients with orthopedic problems -- Care of patients with hypertension and cardiac problems. |
| 650 #0 - SUBJECT ADDED ENTRY--TOPICAL TERM | |
| Topical term or geographic name as entry element | Nurses |
| General subdivision | Licenses |
| Form subdivision | Study guides. |
| 9 (RLIN) | 12274 |
| 650 #0 - SUBJECT ADDED ENTRY--TOPICAL TERM | |
| Topical term or geographic name as entry element | Nursing |
| Form subdivision | Examinations, questions, etc. |
| 9 (RLIN) | 12275 |
| 650 #2 - SUBJECT ADDED ENTRY--TOPICAL TERM | |
| Topical term or geographic name as entry element | Nursing |
| Form subdivision | Examination Questions. |
| 9 (RLIN) | 12276 |
| 700 1# - ADDED ENTRY--PERSONAL NAME | |
| Personal name | Stark, Nancy, |
| Dates associated with a name | 1956- |
| 9 (RLIN) | 12277 |
| 700 1# - ADDED ENTRY--PERSONAL NAME | |
| Personal name | Schumacher, Lori. |
| 9 (RLIN) | 12278 |
| 856 41 - ELECTRONIC LOCATION AND ACCESS | |
| Materials specified | Table of contents only |
| Uniform Resource Identifier | <a href="http://www.loc.gov/catdir/toc/ecip078/2007000618.html">http://www.loc.gov/catdir/toc/ecip078/2007000618.html</a> |
| 942 ## - ADDED ENTRY ELEMENTS (KOHA) | |
| Source of classification or shelving scheme | Dewey Decimal Classification |
| Item type | |
| Withdrawn status | Item status | Source of classification or shelving scheme | Damaged status | Not for loan | Vendor | Home library | Current library | Shelving location | Date acquired | Source of acquisition | Cost, normal purchase price | Serial Enumeration / chronology | Total Checkouts | Total Renewals | Full call number | Barcode | Date last seen | Date last borrowed | Koha item type | Checked out |
|---|---|---|---|---|---|---|---|---|---|---|---|---|---|---|---|---|---|---|---|---|
| Dewey Decimal Classification | Academic Bookshop | Central Library | Central Library | First floor | 07/03/2010 | 132.00 | 3698 | 15 | 48 | 610.73076 CHE | 000020088 | 15/07/2025 | 28/05/2019 | Book - Borrowing | ||||||
| Lost | Dewey Decimal Classification | Academic Bookshop | Central Library | Central Library | First floor | 07/03/2010 | 5 | 610.73076 CHE | 000020087 | 25/03/2014 | 25/03/2014 | CD | DVD - With book | 30/03/2014 |